[Event "Mar del Plata op 47th"]
[Site "Mar del Plata"]
[Date "2016.03.20"]
[Round "3"]
[White "Robba, Osmar"]
[Black "Contin, Daniel"]
[Result "0-1"]
[WhiteElo "1753"]
[BlackElo "2244"]
[PlyCount "102"]
[EventDate "2016.03.19"]
[EventType "swiss"]
[EventRounds "9"]
[EventCountry "ARG"]
[SourceTitle "CBM 171 Extra"]
[Source "ChessBase"]
[SourceDate "2016.04.26"]
[SourceVersion "1"]
[SourceVersionDate "2016.04.26"]
[SourceQuality "1"]

1. d4 Nf6 2. c4 e6 3. Nc3 Bb4 4. Bd2 b6 5. Nf3 Bb7 6. g3 Nc6 7. a3 Bxc3 8. Bxc3 Ne4 9. Qc2 Nxc3 10. Qxc3 Qf6 11. Rd1 Ne7 12. Bg2 0-0 13. 0-0 d6 14. Rfe1 Rad8 15. Qc2 c5 16. e4 cxd4 17. Nxd4 a6 18. Qb3 Rb8 19. Qe3 Rfc8 20. b3 Qe5 21. Rd2 Qc5 22. a4 Rd8 23. Red1 Ng6 24. Nc2 Qc7 25. Ne1 Ne5 26. h3 Nc6 27. Qf4 e5 28. Qe3 Bc8 29. Nc2 Be6 30. Qe2 Na5 31. Qe3 b5 32. axb5 axb5 33. Na3 bxc4 34. bxc4 Rb3 35. Rd3 Rxd3 36. Rxd3 Qb8 37. Rc3 Qb4 38. Bf1 Rc8 39. Qc1 h6 40. Kh2 Rc5 41. Be2 Nb7 42. Qc2 Na5 43. Qc1 Rc6 44. Bf1 Qc5 45. Kh1 Rc8 46. Qc2 Nc6 47. Qc1 Nd4 48. Qe3 Ra8 49. Qc1 Bxh3 50. Nb5 Bxf1 51. Qxf1 Nxb5 0-1

[Event "Liape ch-1 zone-A gr-08 email"]
[Site "Liape email"]
[Date "2003.01.05"]
[Round "6"]
[White "Freire, Daniel J"]
[Black "Robba, Osmar"]
[Result "1-0"]
[WhiteElo "2154"]
[BlackElo "1800"]
[PlyCount "59"]
[EventDate "2003.??.??"]
[EventType "tourn (corr)"]
[EventRounds "6"]
[EventCountry "ARG"]
[SourceTitle "Corr 2006"]
[Source "ChessBase"]
[SourceDate "2006.04.01"]
[SourceVersion "3"]
[SourceVersionDate "2006.04.01"]
[SourceQuality "1"]

1. e4 e5 2. Nf3 Nf6 3. Nxe5 d6 4. Nf3 Nxe4 5. d4 d5 6. Bd3 Be7 7. 0-0 Nc6 8. Re1 Bg4 9. c3 f5 10. Qb3 Na5 11. Qa4+ c6 12. Ne5 Bh5 13. f3 Nd6 14. Bg5 b5 15. Qa3 Nc8 16. b4 Nc4 17. Bxc4 0-0 18. Nxc6 Qc7 19. Bxd5+ Kh8 20. Nxe7 Rb8 21. Qa5 Qd6 22. Re5 h6 23. Nxc8 Rbxc8 24. Be7 Qb8 25. Na3 Rfe8 26. Nxb5 Rxe7 27. Rxe7 Qf4 28. Qxa7 Qd2 29. Rxg7 Bg6 30. Rxg6 1-0